00381nam a2200121Ia 4500008004100000245007900041260002400120260000900144300000700153650002300160650001200183856006400195170516s9999 xx 000 0 und d aExpression and function of nicotinic acetylcholine receptors in stem cells bAIMS Bioengineering c2016 a:3 xMedical Technology xMedtech uhttp://www.aimspress.com/journal/Bioengineering/2016/3.html